O protocolo caos (Record no. 1998)

MARC details
000 -Etiqueta do registo
Valores 00641nam a2200241 4500
010 ## - Número ISBN
ISBN 9789897779336
021 ## - Número do Depósito Legal
Código do país Portugal
Número 547841/25
100 ## - Dados gerais de processamento
Dados gerais 20251121d2025 m||y0pory50030103ba
101 ## - Língua de publicação
Língua Português
102 ## - País de publicação
País Portugal
200 ## - Titulo e menção de responsabilidade
Título próprio O protocolo caos
Primeira menção de responsabilidade José Rodrigues dos Santos
205 ## - Menção da edição
Edição 8ª edição
210 ## - Publicação
Local de publicação Lisboa
Nome do editor Planeta
Data de publicação 2025
215 ## - Descrição física 
Paginação / Volumes 628, [3] p.
Dimensões 24 cm
300 ## - Notas gerais 
Texto da nota BMB-Registado
606 ## - Nome comum usado como assunto
ID Autoridade 776
Palavra de ordem Literatura Portuguesa
606 ## - Nome comum usado como assunto
ID Autoridade 778
Palavra de ordem Romance Policial
675 ## - CDU
Notação 821.134.3-312.4
Edição BMB
Língua por
700 ## - Autor principal (pessoa individual)
Apelido Santos
Nome José Rodrigues dos
Datas 1964-
ID Autoridade 899
801 ## - Fonte de origem
País PT
Agência BMB
Regras de catalogação RPC
990 ## - Elementos KOHA
Tipo de documento Livro
Holdings
Situação do levantamento Estado Número Biblioteca de origem Código de barras Cota Permissão de empréstimo Tipo de documento Forma de aquisição
    1 Biblioteca Municipal de Borba 1948 821.134.3-312.4 SAN / PRO   Livro Compra
Biblioteca Municipal de Borba

Powered by Koha